| 000 | 01754cas a2200229 a 4500 | ||
|---|---|---|---|
| 999 |
_c3793 _d3793 |
||
| 020 | _a9780829031713 | ||
| 020 | _a0829031731 (1994) | ||
| 020 | _a0829031715 (1994 : pbk) | ||
| 022 | 0 | _a0091-9721 | |
| 050 | 4 |
_aRG136 _b.C74 |
|
| 245 | 0 | 0 | _aContraceptive technology. |
| 260 |
_aNew York : _bIrvington Publishers [distributed by Halstead Press] |
||
| 300 |
_av. : _bill. _c22-24 cm. |
||
| 440 | 4 | _aThe Irvington population and demography series. | |
| 500 | _aDescription based on: 1976/1977. | ||
| 500 | _aSome vols. also called "revised ed." | ||
| 500 | _aPart of Irvington population and demography series for 1976/77-1978/79. | ||
| 505 | _aSexuality and reproductive Female genital tract cancer screening -- The menstrual cycle HIV/AIDS and reproductive health Sexual transmitted diseases The essentials of contraception Abstinence and the range of sexual expression Condoms Vaginal spermicides The diaphragm, contraceptive sponge, cervical gap & female condoms The pill: combined oral contraceptives Norplant, Depo-provera and progrestin - only pills (mini- pills) Fertility Awareness Coitus Interruptus (withdrawal) Intrauterine devices Voluntary surgical contraception (sterilization) Emergency contraception: postcoital options Postpartum contraception and lactation Pregnancy testing and management of early pregnancy Abortion Menstrual problems & common gynecologic concerns Cervical Cytological Screening Infertility Education and counseling Adolescent sexual behavior, pregnancy and childbearing Dynamics of reproductive behavior & population change Future methods Contraceptive failure rate Selected family planning resources | ||
| 650 | 0 | _aContraception | |
| 650 | 0 | _aContraceptives | |
| 942 | _cBK | ||